Metodický postup pri riešení a realizácii racionalizačných projektov a výsledky jeho overenia na konkrétnych príkladoch

Bibliographic Details
Main Author: Hodál, Eduard (Author)
Format: Article
Language:Slovak

MARC

LEADER 00000nab a2200000 a 4500
001 vtls011132242
003 SK-MaSNL
005 20260303151026.0
008 230222|1972 xo |||||||||||||||||slo|
015 |a SNBRB 
035 |a (uuid)798382d9-dbd4-4883-9d3e-dcfd55bc969b 
035 |a (urnnbn)urn:nbn:sk:snk:ar-a09mgz 
035 |a urn:nbn:sk:snk-abaa4g 
040 |a SNKBUCL  |b slo  |c SNKBUCL  |e AACR2 
041 0 |a slo 
044 |a xo  |c SK 
100 1 |a Hodál, Eduard  |4 aut  |9 1170018 
245 1 0 |a Metodický postup pri riešení a realizácii racionalizačných projektov a výsledky jeho overenia na konkrétnych príkladoch  |c Eduard Hodál 
773 0 |t Trend VUMA : vedeckotechnický časopis : časopis pre odbory : montáž v strojárstve - elektrické metódy obrábania - ultrazvuk  |g Roč. 4, č. 3 (1972), s. 3-19 
954 |a odborná, vedecká literatúra pôvodná (slovenská)  |2 lita 
958 |a OND 
958 |a EUIPO 
958 |a article13 
999 |c 2015293  |d 2017223